00704nam a22001577a 4500999001900000020001600019082001200035100001800047245013500065260003600200300003200236942001300268650004600281700003600327952018300363 c535831d535831 qHard Cover. a616.075 aIkram, Hasan  aASSOCIATIONOF METABOLIC SYNDROME WITH ATYPICAL ANTIPSYCHOTIC DRUG USE (OLANZAPINE) SHORT TERM VERSUS LONG TERM USE /cHasan Ikram. aIslamabad :bAMC - NUST,c2015. axvii, 65 p. : ill. ;c30cm. 2ddccTHE aChemical Pathology M Phil.-Thesis.930636 aDr. Tariq Mehmood Ahmed.930709 00102ddc40709499077aNSHSbNSHScTHEd2020-09-28o616.075pCL-T-6258r2020-09-28w2020-09-28xMinute Sheet No. 0929/02/CL/Survey/5 dated 23rd April 2024 E-MIN ID 114741 yTHE